La frenesa simio.[Az őrült majom]

Szent-Györgyi Albert Az őrült majom című könyvéről értekezik a PACO c. eszperantista újságban a szerző.

Elmentve itt :
Bibliográfiai részletek
Szerző: Bárkányi Paulo
Dokumentumtípus: Cikk
Megjelent: 1970
Sorozat:PACO
Online Access:http://misc.bibl.u-szeged.hu/74336
LEADER 00622nab a2200169 i 4500
001 misc74336
005 20231129143331.0
008 231129s1970 hu o 0|| hun d
040 |a SZTE Miscellanea Repozitórium  |b hun 
041 |a hun 
100 1 |a Bárkányi Paulo 
245 1 3 |a La frenesa simio.[Az őrült majom]  |h [elektronikus dokumentum] /  |c  Bárkányi Paulo 
260 |c 1970 
300 |a 16 
490 0 |a PACO 
520 3 |a Szent-Györgyi Albert Az őrült majom című könyvéről értekezik a PACO c. eszperantista újságban a szerző. 
856 4 0 |u http://misc.bibl.u-szeged.hu/74336/1/szgya_1970_009.pdf  |z Dokumentum-elérés